000 00699nam a22002411 4500
001 11134
003 BD-RjUL
005 20211208235057.0
008 140126r19561954nyua b 001 0 eng d
035 _a(BD-RjUL) 11183
040 _aDLC/ICU
_cICU
_dDLC
_d(BD-RjUL)
_beng
041 _aeng
082 0 0 _a551
_bRAI 1956
100 1 _aRankama, Kalervo,
_d1913-
_934440
245 1 0 _aIsotope geology /
_b by Kalervo Rankama,
260 _aNew York :
_bMcGraw-Hill,
_cC1954 Revised impression1956.
300 _a535 p. :
_billus. ;
_c26 cm.
504 _aIncludes bibliography and Index
650 0 _aIsotope geology.
_934441
942 _2ddc
_cBK
999 _c11134
_d11134